000 00960nam a2200229Ia 4500
001 18109
003 GE_BSU
008 181216s||||||||xx |||||||||||||| ||und||
020 _aISSN 1987-5266
040 _cGE_BSU
080 _a811.353.1'282
245 _aაჭარული დიალექტის დარქობრივი ლექსიკა IX
245 _cრედ. მ. ქამადაძე
250 _aსაქართველოს განათლებისა და მეცნიერების სამინისტრო. ნიკო ბერძენიშვილის ინ-ტი
260 _aბათუმი
260 _bბათუმის უნივერსიტეტი
260 _c2007
300 _a150გვ. 20სმ.
541 _h5ლ.
653 _aაჭარული დიალექტის დარქობრივი ლექსიკა
942 _cBK
999 _c51151
_d51151